[Event "TCh-RUS Premier 2022"]
[Site "Sochi RUS"]
[Date "2022.05.05"]
[Round "4.2"]
[Board "5"]
[White "Hasangatin, Ramil"]
[Black "Drygalov, Sergey"]
[Result "1/2-1/2"]
[WhiteTitle "GM"]
[BlackTitle "IM"]
[WhiteElo "2479"]
[BlackElo "2546"]
[WhiteTeam "Ladya (Respublika Tatarstan)"]
[BlackTeam "Yuzhnyy Ural - 1 (Chelyabinskaya oblast)"]
[WhiteFideId "4122160"]
[BlackFideId "24171743"]
[EventDate "2022.05.01"]

1. c4 e5 2. Nc3 Nf6 3. Nf3 Nc6 4. e3 Bb4 5. Qc2 Bxc3 6. Qxc3 Qe7 7. d4 exd4 8.
Nxd4 Ne4 9. Qd3 O-O 10. Be2 Qb4+ 11. Kf1 Qe7 12. f3 f5 13. Qd1 Nc5 14. Kf2 d6
15. Rf1 Ne6 16. Nb5 Ne5 17. Kg1 Bd7 18. Nc3 c6 19. b3 Rad8 20. Ba3 Bc8 21. Qd2
f4 22. Ne4 c5 23. Rad1 b6 24. Bc1 Bb7 25. Qc2 Nc6 26. Bd3 Nb4 27. Qe2 d5 28.
cxd5 Nxd5 29. Bc4 fxe3 30. Bxe3 Kh8 31. Bxd5 Bxd5 32. Nc3 Bc6 33. Rxd8 Rxd8 34.
Rd1 Re8 35. Qd2 Qf6 36. Ne4 Bxe4 37. fxe4 h6 38. Rf1 Qg6 39. Rf5 Rd8 40. Qe2 Kh7
41. Kf2 a5 42. h3 Qe8 43. Re5 Qd7 44. Qg4 Rf8+ 45. Kg1 Rf6 46. Rd5 Qc6 47. Qg3
Nc7 48. Rf5 Rxf5 49. exf5 Nd5 50. Bd2 Qf6 51. Qd3 Qa1+ 52. Kh2 Qe5+ 53. Kg1 Kh8
54. g4 b5 55. h4 a4 56. g5 axb3 57. axb3 c4 58. bxc4 bxc4 59. Qxc4 Qg3+ 60. Kf1
Qf3+ 61. Ke1 Qxf5 62. gxh6 gxh6 63. Qd4+ Kh7 64. Qa7+ Kg6 65. Qa6+ Nf6 66. Bc3
Qe4+ 67. Kd2 Qg2+ 68. Kc1 Qh1+ 69. Kd2 Qh2+ 70. Kd1 Qg1+ 71. Kd2 Qf2+ 72. Kd1
Qf3+ 73. Kd2 Qf4+ 74. Kd1 Qxh4 75. Qxf6+ Qxf6 76. Bxf6 Kxf6 77. Ke2 h5 78. Kf3
h4 79. Kg4 Ke5 80. Kxh4 1/2-1/2

[Event "TCh-RUS Premier 2022"]
[Site "Sochi RUS"]
[Date "2022.05.05"]
[Round "4.2"]
[Board "6"]
[White "Gutenev, Alexander"]
[Black "Gaifullin, Artur"]
[Result "0-1"]
[WhiteTitle "IM"]
[BlackTitle "FM"]
[WhiteElo "2457"]
[BlackElo "2445"]
[WhiteTeam "Yuzhnyy Ural - 1 (Chelyabinskaya oblast)"]
[BlackTeam "Ladya (Respublika Tatarstan)"]
[WhiteFideId "4195540"]
[BlackFideId "24168653"]
[EventDate "2022.05.01"]

1. e4 e5 2. Nf3 Nc6 3. Bb5 a6 4. Ba4 Nf6 5. O-O Bc5 6. d3 b5 7. Bb3 d6 8. c3 O-O
9. h3 h6 10. Re1 Bb6 11. a4 Bd7 12. Nbd2 Ne7 13. Nf1 Ng6 14. d4 c5 15. Ng3 Qc7
16. Be3 Rfe8 17. Bc2 b4 18. dxe5 dxe5 19. cxb4 cxb4 20. Bxb6 Qxb6 21. a5 Qc5 22.
Ba4 Red8 23. Bxd7 Rxd7 24. Qa4 Rc8 25. Red1 Rxd1+ 26. Rxd1 Nf4 27. Rd2 g6 28.
Ne1 Qc1 29. Qd1 Kg7 30. Kh2 Qxd1 31. Rxd1 Rc5 32. Ra1 h5 33. f3 h4 34. Nf1 b3
35. Nd2 N6h5 36. Nxb3 Rb5 37. Ra3 Ng3 38. Kg1 f5 39. exf5 gxf5 40. Kf2 Kf6 41.
Ke3 Rb8 42. Kd2 Rc8 43. Ke3 Kg5 44. Ra1 Rb8 45. Ra3 e4 46. Kf2 Rb7 47. Ke3 Rb8
48. Kf2 Nd5 49. Nc2 Kf4 50. fxe4 fxe4 51. Ncd4 Rc8 52. Ra4 Ke5 53. Ke1 Nf4 54.
Kd2 Nf1+ 55. Ke1 Ne3 56. Kf2 Nd1+ 57. Kf1 Nd3 58. Nd2 N1xb2 59. N4f3+ exf3 60.
Nxf3+ Kd5 61. Rxh4 Rc1+ 62. Ke2 Rc2+ 63. Nd2 Ne5 64. Ke1 Nbd3+ 65. Ke2 Ra2 66.
Ke3 Ne1 67. Rd4+ Ke6 68. Kf2 Nc2 69. Rd8 Nb4 70. Ke1 Ke7 71. Ra8 Nbd3+ 72. Kd1
Rxa5 73. Nb3 Ra2 74. h4 Nc4 0-1

[Event "TCh-RUS Premier 2022"]
[Site "Sochi RUS"]
[Date "2022.05.05"]
[Round "4.3"]
[Board "1"]
[White "Grischuk, Alexander"]
[Black "Esipenko, Andrey"]
[Result "1-0"]
[WhiteTitle "GM"]
[BlackTitle "GM"]
[WhiteElo "2742"]
[BlackElo "2709"]
[WhiteTeam "Sportivnyy klub KPRF (g. Moskva)"]
[BlackTeam "Mednyy vsadnik (g. Sankt-Peterburg)"]
[WhiteFideId "4126025"]
[BlackFideId "24175439"]
[EventDate "2022.05.01"]

1. d4 d5 2. c4 c6 3. Nc3 Nf6 4. e3 e6 5. b3 Nbd7 6. Bb2 b6 7. Nf3 Bb7 8. Bd3 Bd6
9. O-O O-O 10. Qe2 Re8 11. Rad1 Rc8 12. e4 e5 13. Bb1 Ba6 14. dxe5 Nxe5 15. Nxe5
Bxe5 16. Qc2 Qc7 17. f4 Bxf4 18. exd5 Rcd8 19. g3 Be5 20. Rxf6 gxf6 21. Qxh7+
Kf8 22. Ba3+ c5 23. Ne4 f5 24. Qxf5 Bc8 25. Qh5 f5 26. Ng5 Kg8 27. Rf1 Rf8 28.
Bc1 Qg7 29. Nf3 Bf6 30. Bh6 Qf7 31. Qxf7+ Rxf7 32. Bf4 Re8 33. Bd3 Bd7 34. Kf2
Bc8 35. h4 Bd7 36. a4 Bc8 37. Rc1 Bb2 38. Rc2 Bf6 39. Bd2 Bg7 40. Ra2 Rb7 41. a5
Bd7 42. a6 Rbb8 43. Bf4 Rbd8 44. h5 Bf6 45. Nh4 Bxh4 46. gxh4 Bc8 47. Ra1 Rf8
48. Kf3 Rf7 49. Bg5 Re8 50. Kf4 Kh7 51. d6 Kg7 52. Be7 Kh6 53. Be2 Rfxe7 54.
dxe7 Rxe7 55. Bf3 Rc7 56. Ke5 Re7+ 57. Kf4 Rc7 58. Rd1 Bxa6 59. Rd6+ Kh7 60. h6
Bb7 61. Bd5 b5 62. Kg5 f4 63. Kxf4 Bxd5 64. cxd5 c4 65. bxc4 b4 66. Rc6 Rf7+ 67.
Ke3 b3 68. Kd2 a5 69. Ra6 Rf4 70. Kc3 1-0

[Event "TCh-RUS Premier 2022"]
[Site "Sochi RUS"]
[Date "2022.05.05"]
[Round "4.3"]
[Board "2"]
[White "Matlakov, Maxim"]
[Black "Potkin, Vladimir"]
[Result "1/2-1/2"]
[WhiteTitle "GM"]
[BlackTitle "GM"]
[WhiteElo "2674"]
[BlackElo "2571"]
[WhiteTeam "Mednyy vsadnik (g. Sankt-Peterburg)"]
[BlackTeam "Sportivnyy klub KPRF (g. Moskva)"]
[WhiteFideId "4168003"]
[BlackFideId "4131061"]
[EventDate "2022.05.01"]

1. e4 c5 2. Nf3 e6 3. d4 cxd4 4. Nxd4 Nc6 5. Nc3 Qc7 6. Be2 a6 7. Nxc6 bxc6 8.
Qd3 d5 9. Qg3 Qxg3 10. hxg3 Nf6 11. g4 Bb7 12. f3 Be7 13. Bd2 Nd7 14. g5 f6 15.
gxf6 Bxf6 16. f4 e5 17. O-O-O exf4 18. exd5 cxd5 19. Bh5+ g6 20. Bf3 Nb6 21.
Bxf4 O-O 22. Bh6 Rfd8 23. Rhe1 Nc4 24. Nxd5 Bxb2+ 25. Kb1 Bxd5 26. Re8+ Rxe8 27.
Bxd5+ Kh8 28. Bxc4 Bg7 29. Bxg7+ Kxg7 30. Rd7+ Kh6 31. Kb2 Re4 32. Bd5 Rb8+ 33.
Kc3 Rc8+ 34. Kd3 Ra4 35. c3 a5 36. Bb7 Rc5 37. Bd5 Rc8 38. Bb7 Rc5 39. Bd5 Kg5
40. Bb3 Rg4 41. Bd5 h5 42. c4 h4 43. a4 Kf6 44. Rd6+ Ke7 45. Re6+ Kd7 46. Ra6
Rxd5+ 47. cxd5 g5 48. Rxa5 Rxg2 49. Ke4 h3 50. Ra7+ Kc8 51. Rh7 Rg4+ 52. Kf3
Rxa4 53. Kg3 g4 54. d6 Rd4 55. Rc7+ Kd8 56. Rh7 Re4 57. Kh4 Ke8 58. Kg3 Rd4 59.
Re7+ Kf8 60. Re1 Kf7 61. d7 Kf6 62. d8=Q+ Rxd8 63. Kxg4 1/2-1/2

[Event "TCh-RUS Premier 2022"]
[Site "Sochi RUS"]
[Date "2022.05.05"]
[Round "4.3"]
[Board "3"]
[White "Dreev, Aleksey"]
[Black "Chigaev, Maksim"]
[Result "1/2-1/2"]
[WhiteTitle "GM"]
[BlackTitle "GM"]
[WhiteElo "2623"]
[BlackElo "2631"]
[WhiteTeam "Sportivnyy klub KPRF (g. Moskva)"]
[BlackTeam "Mednyy vsadnik (g. Sankt-Peterburg)"]
[WhiteFideId "4100107"]
[BlackFideId "4108116"]
[EventDate "2022.05.01"]

1. d4 Nf6 2. c4 g6 3. Nc3 d5 4. cxd5 Nxd5 5. e4 Nxc3 6. bxc3 Bg7 7. Nf3 c5 8.
Bb5+ Nc6 9. O-O O-O 10. Bxc6 bxc6 11. Qc2 cxd4 12. cxd4 Bg4 13. Ne5 Qxd4 14. Bb2
Qb6 15. Rab1 Bxe5 16. Bxe5 Qa5 17. Bc3 Qc7 18. f4 Be6 19. f5 Bc4 20. Rf3 Rab8
21. Re1 e5 22. fxe6 fxe6 23. Bf6 Qa5 24. Rc1 Bxa2 25. h3 e5 26. Kh2 Be6 27. Qxc6
Qb6 28. Qxb6 Rxb6 29. Bxe5 Rb7 30. Rc6 Bd7 31. Rc5 1/2-1/2

[Event "TCh-RUS Premier 2022"]
[Site "Sochi RUS"]
[Date "2022.05.05"]
[Round "4.3"]
[Board "4"]
[White "Sakaev, Konstantin"]
[Black "Zvjaginsev, Vadim"]
[Result "1/2-1/2"]
[WhiteTitle "GM"]
[BlackTitle "GM"]
[WhiteElo "2603"]
[BlackElo "2599"]
[WhiteTeam "Mednyy vsadnik (g. Sankt-Peterburg)"]
[BlackTeam "Sportivnyy klub KPRF (g. Moskva)"]
[WhiteFideId "4104226"]
[BlackFideId "4113403"]
[EventDate "2022.05.01"]

1. d4 d5 2. c4 c6 3. Nf3 Nf6 4. e3 g6 5. Nc3 Bg7 6. Be2 O-O 7. O-O Re8 8. h3 e6
9. b4 dxc4 10. Bxc4 b5 11. Bd3 a5 12. bxa5 Rxa5 13. Qb3 Nbd7 14. Ba3 Bb7 15. Bb4
Ra8 16. Rfd1 Nd5 17. Nxd5 exd5 18. a4 bxa4 19. Rxa4 Qb6 20. Rxa8 Bxa8 21. Qa3
Bb7 22. Rb1 Ra8 23. Qc3 Qc7 24. Qc2 Ba6 25. Ra1 Qc8 26. Bxa6 1/2-1/2

[Event "TCh-RUS Premier 2022"]
[Site "Sochi RUS"]
[Date "2022.05.05"]
[Round "4.3"]
[Board "5"]
[White "Alekseev, Evgeny"]
[Black "Ponkratov, Pavel"]
[Result "1/2-1/2"]
[WhiteTitle "GM"]
[BlackTitle "GM"]
[WhiteElo "2591"]
[BlackElo "2624"]
[WhiteTeam "Sportivnyy klub KPRF (g. Moskva)"]
[BlackTeam "Mednyy vsadnik (g. Sankt-Peterburg)"]
[WhiteFideId "4138147"]
[BlackFideId "4157800"]
[EventDate "2022.05.01"]

1. e4 c5 2. Nf3 Nc6 3. Bb5 e6 4. O-O Nge7 5. d4 cxd4 6. Nxd4 Ng6 7. Be3 Qc7 8.
Be2 a6 9. c4 Bd6 10. g3 b6 11. Nc3 Bc5 12. a3 O-O 13. b4 Bxd4 14. Bxd4 f5 15. f4
Bb7 16. Be3 Nce7 17. e5 Nc8 18. c5 bxc5 19. Bxc5 Rd8 20. Qd4 Nh8 21. Rac1 Nf7
22. Na4 Qb8 23. Bb6 Nxb6 24. Qxb6 d6 25. Rc7 Bd5 26. exd6 Nxd6 27. Rfc1 Ne8 28.
R7c3 Nd6 29. Qxb8 Rdxb8 30. Rc5 Nb5 31. Nc3 Nd4 32. Bd1 Bb7 33. Kf2 Rd8 34. Ke3
Rd6 35. Rc7 Rb8 36. Ba4 Bc6 37. Bxc6 Nxc6 38. Ne2 Rb6 39. Rc5 h6 40. Rc8+ Kf7
41. Nc3 Ne7 42. R5c7 Rbc6 43. Na4 Rxc7 44. Rxc7 Kf6 45. Ra7 Nd5+ 46. Kf3 g5 47.
h3 gxf4 48. gxf4 Rc6 49. Nc5 Nc7 50. Kg3 e5 51. Nd7+ Ke6 52. Nxe5 Rc3+ 53. Kf2
Kd5 54. a4 Ke4 55. Nf7 Nd5 56. Rxa6 Nxb4 57. Rxh6 Nd3+ 58. Ke2 Nxf4+ 59. Kd2 Ra3 1/2-1/2

[Event "TCh-RUS Premier 2022"]
[Site "Sochi RUS"]
[Date "2022.05.05"]
[Round "4.3"]
[Board "6"]
[White "Lobanov, Sergei"]
[Black "Afanasiev, Nikita"]
[Result "1-0"]
[WhiteTitle "IM"]
[BlackTitle "GM"]
[WhiteElo "2524"]
[BlackElo "2567"]
[WhiteTeam "Mednyy vsadnik (g. Sankt-Peterburg)"]
[BlackTeam "Sportivnyy klub KPRF (g. Moskva)"]
[WhiteFideId "24183750"]
[BlackFideId "24183555"]
[EventDate "2022.05.01"]

1. e4 c5 2. Nf3 e6 3. d4 cxd4 4. Nxd4 a6 5. Bd3 Qc7 6. O-O g6 7. c4 Bg7 8. Be3
d6 9. Nc3 Nf6 10. f3 O-O 11. Qd2 Nbd7 12. Rac1 Ne5 13. Be2 b6 14. Rfd1 Bb7 15.
Na4 Rab8 16. b4 Ba8 17. b5 Qa7 18. Qc2 a5 19. Nxe6 fxe6 20. Rxd6 Qc7 21. c5 bxc5
22. Qxc5 Qe7 23. Ra6 Qf7 24. Ra7 Bb7 25. Qc7 Rfc8 26. Qxf7+ Nxf7 27. Nc5 Nd8 28.
Nxb7 Rxc1+ 29. Bxc1 Nd7 30. Nxd8 Bd4+ 31. Kf1 Bxa7 32. Nc6 Ra8 33. Bc4 Kf7 34.
Nxa5 Ne5 35. Bb3 Bc5 36. Bd2 Rd8 37. Bc3 Bd4 38. Nb7 Rd7 39. Bxd4 Rxd4 40. Nc5
Rb4 41. f4 Rxb5 42. Nxe6 Kf6 43. Nc7 Rb8 44. Nd5+ Ke6 45. Ne3+ Kd6 46. fxe5+
Kxe5 47. Bd5 Kf4 48. Nc4 Rb1+ 49. Kf2 Rh1 50. g3+ Kg5 51. h4+ Kh5 52. e5 Rb1 53.
e6 1-0

[Event "TCh-RUS Premier 2022"]
[Site "Sochi RUS"]
[Date "2022.05.05"]
[Round "4.4"]
[Board "1"]
[White "Shubin, Kirill"]
[Black "Najer, Evgeniy"]
[Result "1/2-1/2"]
[WhiteTitle "IM"]
[BlackTitle "GM"]
[WhiteElo "2472"]
[BlackElo "2659"]
[WhiteTeam "SShOR po shakhmatam i shashkam (g. Sankt-Pete"]
[BlackTeam "Shakhmatnaya sbornaya Moskvy"]
[WhiteFideId "34119962"]
[BlackFideId "4118987"]
[EventDate "2022.05.01"]

1. e4 c6 2. d4 d5 3. exd5 cxd5 4. Bd3 Nf6 5. c3 Bg4 6. Qb3 Qc7 7. h3 Bd7 8. Nf3
e6 9. O-O Bd6 10. Re1 Bc6 11. Nbd2 Nbd7 12. Qd1 h6 13. Qe2 Nh5 14. Nf1 Nf4 15.
Bxf4 Bxf4 16. Ne3 Nf6 17. g3 Bd6 18. Nf5 Bf8 19. Ne5 O-O-O 20. Nh4 Kb8 21. Nhf3
Bd6 22. a4 Rc8 23. a5 Rhd8 24. a6 b6 25. Nxc6+ Qxc6 26. Ne5 Qc7 27. f4 Rf8 28.
Qf3 Ng8 29. Bb5 Bxe5 30. Rxe5 Ne7 31. Rae1 g6 32. g4 1/2-1/2

[Event "TCh-RUS Premier 2022"]
[Site "Sochi RUS"]
[Date "2022.05.05"]
[Round "4.4"]
[Board "2"]
[White "Riazantsev, Alexander"]
[Black "Usmanov, Vasily"]
[Result "1/2-1/2"]
[WhiteTitle "GM"]
[BlackTitle "IM"]
[WhiteElo "2634"]
[BlackElo "2447"]
[WhiteTeam "Shakhmatnaya sbornaya Moskvy"]
[BlackTeam "SShOR po shakhmatam i shashkam (g. Sankt-Pete"]
[WhiteFideId "4125029"]
[BlackFideId "4135741"]
[EventDate "2022.05.01"]

1. e4 e6 2. d4 d5 3. Nc3 Bb4 4. e5 Ne7 5. a3 Bxc3+ 6. bxc3 b6 7. Qg4 Ng6 8. h4
h5 9. Qg3 Ba6 10. Bxa6 Nxa6 11. Bg5 Qd7 12. Ne2 Qa4 13. Qd3 Nb8 14. f4 Qc4 15.
Qxc4 dxc4 16. f5 exf5 17. O-O Nd7 18. Rxf5 f6 19. exf6 gxf6 20. Bxf6 Nxf6 21.
Rxf6 Nxh4 22. Nf4 O-O-O 23. Re1 Rdf8 24. Rxf8+ Rxf8 25. Nxh5 Rf5 26. Re8+ Kd7
27. Rh8 Ra5 28. Rh7+ Kd6 29. Nf6 Nf5 30. Ne8+ Ke6 31. Kf2 c6 32. g4 Ne7 33. Rh6+
Kd7 34. Nf6+ Kc7 35. Rh7 Kd8 36. Rh8+ Kc7 37. Rh7 Kd8 38. Rh8+ Kc7 39. Re8 Kd6
40. Ne4+ Kd7 41. Nf6+ Kd6 42. Ne4+ Kd7 43. Rb8 Rxa3 44. Rb7+ Ke6 45. Ke2 Ra2 46.
Kd2 Ra1 47. Ng5+ Kf6 48. Nh7+ Kf7 49. Ng5+ Kf6 50. Nf3 b5 51. Ne5 Ke6 52. Nd7 a5
53. Nc5+ Kf7 54. Nd7 a4 55. Ne5+ Ke6 56. Ra7 a3 57. g5 c5 58. Nf3 a2 59. dxc5
Kd5 60. Nd4 Kxc5 61. Ne2 Nc6 62. Ra8 Ne5 63. Ke3 Kb6 64. Ra3 Kb7 65. Ra5 Kb6 66.
Ra3 Kb7 67. Ra5 Kc7 68. Ra7+ Kd6 69. Kf2 Ng4+ 70. Kg3 Ne5 71. Kf2 Kd5 72. Ke3
Ng6 73. Kd2 Nh4 74. Ke3 Ke5 75. Ra5 Nf5+ 76. Kd2 Nd6 77. g6 Kf6 78. Ra6 Kg7 79.
Ke3 Kh6 80. Rxd6 Re1 81. Ra6 a1=Q 82. Rxa1 Rxa1 83. Nd4 Re1+ 84. Kf4 Kxg6 85.
Nxb5 Re2 86. Na3 Kf7 87. Nxc4 Rxc2 88. Ke4 Rxc3 89. Kd4 Rh3 90. Ne3 Ke6 91. Nc4
Rh4+ 92. Kc5 Re4 93. Nb6 Re5+ 94. Kd4 Rh5 95. Nc4 Rb5 96. Ne3 Rb1 97. Nc4 Rd1+
98. Ke4 Rd5 99. Ne3 Re5+ 100. Kd4 Rxe3 101. Kxe3 1/2-1/2

[Event "TCh-RUS Premier 2022"]
[Site "Sochi RUS"]
[Date "2022.05.05"]
[Round "4.4"]
[Board "3"]
[White "Pershin, Denis"]
[Black "Inarkiev, Ernesto"]
[Result "0-1"]
[WhiteTitle "IM"]
[BlackTitle "GM"]
[WhiteElo "2397"]
[BlackElo "2659"]
[WhiteTeam "SShOR po shakhmatam i shashkam (g. Sankt-Pete"]
[BlackTeam "Shakhmatnaya sbornaya Moskvy"]
[WhiteFideId "24165506"]
[BlackFideId "4162722"]
[EventDate "2022.05.01"]

1. d4 d5 2. c4 e6 3. Nc3 Bb4 4. cxd5 exd5 5. Bf4 Ne7 6. Qa4+ Nbc6 7. e3 Bf5 8.
Nf3 O-O 9. Be2 Bd6 10. Bxd6 Qxd6 11. O-O Nc8 12. Qd1 N6e7 13. Bd3 c6 14. Bxf5
Nxf5 15. Qd3 Qe6 16. b4 a6 17. a4 Nb6 18. b5 a5 19. Rab1 Nc4 20. e4 dxe4 21.
Nxe4 cxb5 22. Rxb5 Nfd6 23. Nxd6 Nxd6 24. Rb6 Qd5 25. h3 Rac8 26. Ne5 Rfd8 27.
Rd1 Qa2 28. Qf3 Qxa4 29. Rd3 Qe8 30. Qf4 Qe7 31. Kh2 f6 32. Ng4 Nc4 33. Nxf6+
Kh8 34. Qh4 gxf6 35. Rxf6 Rc6 36. Rdf3 Rxf6 37. Rxf6 Rd6 0-1

[Event "TCh-RUS Premier 2022"]
[Site "Sochi RUS"]
[Date "2022.05.05"]
[Round "4.4"]
[Board "4"]
[White "Motylev, Alexander"]
[Black "Timerkhanov, Alexander"]
[Result "1/2-1/2"]
[WhiteTitle "GM"]
[BlackTitle "FM"]
[WhiteElo "2633"]
[BlackElo "2392"]
[WhiteTeam "Shakhmatnaya sbornaya Moskvy"]
[BlackTeam "SShOR po shakhmatam i shashkam (g. Sankt-Pete"]
[WhiteFideId "4121830"]
[BlackFideId "24177938"]
[EventDate "2022.05.01"]

1. e4 c5 2. Nc3 d6 3. Nge2 Nf6 4. h3 b5 5. Nxb5 Nxe4 6. d4 Bb7 7. dxc5 Qa5+ 8.
Nbc3 dxc5 9. f3 Nxc3 10. Nxc3 Nc6 11. Bb5 e6 12. O-O Be7 13. Bf4 Qb4 14. Be3 Rd8
15. Qe1 Bf6 16. Rb1 Bd4 17. Bf2 O-O 18. a3 Qa5 19. Bd3 Ne5 20. Be2 a6 21. Kh1
Rd7 22. Bg3 Ng6 23. Bd3 Rc8 24. Bxg6 hxg6 25. Ne4 Qxe1 26. Rfxe1 Bxe4 27. Rxe4
Rc6 28. Rd1 f5 29. Re2 Rb7 30. b3 Kf7 31. Be5 Bxe5 32. Rxe5 c4 33. b4 Rb5 34.
Ree1 c3 35. Rd3 a5 36. Rb1 Rc4 37. Rb3 axb4 38. axb4 Rbxb4 39. Rxb4 Rxb4 40.
Rxc3 Rb1+ 41. Kh2 Kf6 42. Kg3 g5 43. Kf2 Rc1 44. Rc7 g6 45. Rc3 Kf7 46. Rc7+ 1/2-1/2

[Event "TCh-RUS Premier 2022"]
[Site "Sochi RUS"]
[Date "2022.05.05"]
[Round "4.4"]
[Board "5"]
[White "Schekachikhin, Maksim"]
[Black "Popov, Ivan RUS"]
[Result "1/2-1/2"]
[WhiteTitle "IM"]
[BlackTitle "GM"]
[WhiteElo "2433"]
[BlackElo "2629"]
[WhiteTeam "SShOR po shakhmatam i shashkam (g. Sankt-Pete"]
[BlackTeam "Shakhmatnaya sbornaya Moskvy"]
[WhiteFideId "24177830"]
[BlackFideId "4170350"]
[EventDate "2022.05.01"]

1. c4 c6 2. Nf3 d5 3. d4 Nf6 4. Qc2 dxc4 5. Qxc4 Bg4 6. Nbd2 Nbd7 7. Qb3 Qb6 8.
Nc4 Qxb3 9. axb3 e6 10. Nfe5 Nxe5 11. Nxe5 Bh5 12. f3 Nd7 13. Nxd7 Kxd7 14. e4
f5 15. e5 Be7 16. h4 h6 17. Bd3 Ke8 18. Ke2 Bd8 19. Rg1 Bb6 20. Ra4 Rd8 21. Be3
Ke7 22. g4 fxg4 23. fxg4 Be8 24. Rc4 Rd5 25. Be4 Rb5 26. b4 Kd7 27. Ra1 Rf8 28.
Bd2 Kc7 29. Ra3 Kb8 30. Rg3 Bd8 31. h5 Bh4 32. Rf3 Rxf3 33. Kxf3 Be7 34. Ke2 a5
35. bxa5 Rxb2 36. Rc2 Rb3 37. Rc3 Rb4 38. Kd3 Ra4 39. Rc4 Ra3+ 40. Ke2 c5 41.
Bd3 Bb5 42. Rc3 c4 43. Rxc4 Ra2 44. Rc1 Rxd2+ 45. Kxd2 Bg5+ 46. Kc3 Bxd3 47. Re1
Bb5 48. Rb1 Bc6 49. Rf1 Be4 50. Rf8+ Kc7 51. Rf7+ Kc6 52. Rxg7 Bf3 53. d5+ exd5
54. Kd4 Bxg4 55. Rg6+ Kd7 56. Rg7+ Kc6 57. Rg6+ Kc7 58. Rg7+ Kc8 59. Rg8+ Kd7
60. Rg7+ Kc6 61. Rg6+ Kd7 62. Rg7+ Kc6 1/2-1/2

[Event "TCh-RUS Premier 2022"]
[Site "Sochi RUS"]
[Date "2022.05.05"]
[Round "4.4"]
[Board "6"]
[White "Demidov, Mikhail"]
[Black "Saveliev, Alexei"]
[Result "1-0"]
[WhiteTitle "GM"]
[BlackTitle "IM"]
[WhiteElo "2571"]
[BlackElo "2386"]
[WhiteTeam "Shakhmatnaya sbornaya Moskvy"]
[BlackTeam "SShOR po shakhmatam i shashkam (g. Sankt-Pete"]
[WhiteFideId "4197143"]
[BlackFideId "24128546"]
[EventDate "2022.05.01"]

1. e4 c5 2. Nc3 e6 3. d4 cxd4 4. Qxd4 Nc6 5. Qd3 Nf6 6. Bf4 d5 7. exd5 Nb4 8.
Qe2 Nbxd5 9. O-O-O Bd6 10. Nxd5 Nxd5 11. Bg3 O-O 12. c4 Qg5+ 13. Rd2 Nf4 14. Qe3
Bb8 15. Nf3 Qf5 16. Nd4 Qf6 17. Ne2 e5 18. Nc3 Bf5 19. Bxf4 exf4 20. Qf3 Re8 21.
Bd3 Be5 22. Nd5 Qg6 23. Bxf5 Qxf5 24. Rhd1 Rac8 25. Rc2 Qg6 26. Qa3 Bd6 27. Nf6+
Qxf6 28. Qxd6 Qh6 29. Qxh6 gxh6 30. f3 Rc6 31. b4 Re3 32. Rd4 a5 33. b5 Rc5 34.
Rxf4 Rd3 35. Kb2 Kg7 36. Re2 Kf8 37. Rfe4 b6 38. Rf4 f5 39. g4 Kf7 40. Rxf5+
Rxf5 41. gxf5 Rxf3 42. Re6 Rh3 43. Rxb6 Rxh2+ 44. Kb3 h5 45. c5 1-0

[Event "TCh-RUS Premier 2022"]
[Site "Sochi RUS"]
[Date "2022.05.07"]
[Round "5.1"]
[Board "1"]
[White "Najer, Evgeniy"]
[Black "Sargissian, Gabriel"]
[Result "1/2-1/2"]
[WhiteTitle "GM"]
[BlackTitle "GM"]
[WhiteElo "2659"]
[BlackElo "2694"]
[WhiteTeam "Shakhmatnaya sbornaya Moskvy"]
[BlackTeam "Shkola im. M.M.Botvinnika (g. Moskva)"]
[WhiteFideId "4118987"]
[BlackFideId "13300881"]
[EventDate "2022.05.01"]

1. e4 e5 2. Nf3 Nc6 3. Nc3 Nf6 4. d4 exd4 5. Nxd4 Bb4 6. Nxc6 bxc6 7. Bd3 d5 8.
exd5 O-O 9. O-O cxd5 10. Bg5 c6 11. Qf3 Bd6 12. Rae1 h6 13. Bxf6 Qxf6 14. Qxf6
gxf6 15. Nd1 Be6 16. Ne3 a5 17. Nf5 Bxf5 18. Bxf5 a4 19. Re3 Rfd8 20. Rd1 Be5
21. b3 Kf8 22. Kf1 axb3 23. axb3 Ra7 24. Ke2 Re8 25. Kf3 Ra1 26. Rxa1 Bxa1 27.
Bd7 Rxe3+ 28. fxe3 c5 29. Bc6 d4 30. exd4 Bxd4 31. Ke4 Bg1 32. Kd5 Ke7 33. Bb5
f5 34. Be2 f4 35. Bg4 Be3 36. Bh5 Bf2 37. c3 Be1 38. Kxc5 Bxc3 39. b4 Kd7 40.
Bxf7 Kc7 41. Bh5 Bf6 42. Kd5 Be7 43. b5 Kb6 44. Be2 Bg5 45. Ke4 1/2-1/2

[Event "TCh-RUS Premier 2022"]
[Site "Sochi RUS"]
[Date "2022.05.07"]
[Round "5.1"]
[Board "2"]
[White "Rakhmanov, Aleksandr"]
[Black "Riazantsev, Alexander"]
[Result "1/2-1/2"]
[WhiteTitle "GM"]
[BlackTitle "GM"]
[WhiteElo "2640"]
[BlackElo "2634"]
[WhiteTeam "Shkola im. M.M.Botvinnika (g. Moskva)"]
[BlackTeam "Shakhmatnaya sbornaya Moskvy"]
[WhiteFideId "4173708"]
[BlackFideId "4125029"]
[EventDate "2022.05.01"]

1. d4 Nf6 2. c4 e6 3. Nc3 Bb4 4. e3 O-O 5. Bd3 d5 6. Ne2 dxc4 7. Bxc4 a6 8. O-O
Be7 9. e4 c5 10. e5 Nfd7 11. f4 cxd4 12. Nxd4 Bc5 13. Be3 Nc6 14. Kh1 Nxd4 15.
Bxd4 b5 16. Be2 Bb7 17. Bf3 Bxf3 18. Rxf3 Qb6 19. Rd3 Rad8 20. Qg1 Bxd4 21. Rxd4
Nb8 22. Rad1 Rxd4 23. Qxd4 Qc6 24. h3 h6 25. Kh2 Qc8 26. Ne4 Qc2 27. Rd2 Qb1 28.
Qd3 Qxd3 29. Rxd3 Nc6 30. Kg3 Nb4 31. Rd6 Nxa2 32. Rxa6 Nc1 33. Rb6 Rd8 34. Nd6
Nd3 35. Rxb5 f6 36. f5 exf5 37. e6 Rxd6 38. Rb8+ Kh7 39. e7 Re6 40. e8=Q Rxe8
41. Rxe8 Nxb2 42. Kf4 Nc4 43. Rd8 Kg6 44. Rd3 h5 45. h4 Ne5 46. Rc3 Ng4 47. Rg3
Kf7 48. Kxf5 Nh6+ 49. Kf4 Ng4 50. Ra3 Kg6 51. Ke4 Nh6 52. Rf3 Ng4 53. Kd5 Kf7
54. Kd6 Nh6 55. g3 Ng4 56. Ra3 Ne5 57. Ra7+ Kg8 58. Ke6 Kh7 59. Kf5 Ng4 60. Ra5
Ne5 61. Rb5 Ng4 62. Ke6 Ne5 63. Ke7 Ng6+ 64. Ke8 Ne5 65. Ra5 Kg8 66. Ra8 Kh7 67.
Ke7 Ng6+ 68. Ke6 Ne5 69. Ke7 Ng6+ 70. Ke8 Ne5 71. Ra4 Kg8 72. Rf4 Kh7 73. Rf1
Kg6 74. Kf8 Kh7 75. Rf2 Ng6+ 1/2-1/2

[Event "TCh-RUS Premier 2022"]
[Site "Sochi RUS"]
[Date "2022.05.07"]
[Round "5.1"]
[Board "3"]
[White "Inarkiev, Ernesto"]
[Black "Petrov, Nikita"]
[Result "1/2-1/2"]
[WhiteTitle "GM"]
[BlackTitle "GM"]
[WhiteElo "2659"]
[BlackElo "2560"]
[WhiteTeam "Shakhmatnaya sbornaya Moskvy"]
[BlackTeam "Shkola im. M.M.Botvinnika (g. Moskva)"]
[WhiteFideId "4162722"]
[BlackFideId "4101286"]
[EventDate "2022.05.01"]

1. d4 Nf6 2. Nf3 d5 3. Bf4 e6 4. e3 Bd6 5. Nbd2 O-O 6. Bd3 Bxf4 7. exf4 Qd6 8.
g3 b6 9. Qe2 Qb4 10. Rb1 c5 11. a3 Qa4 12. dxc5 bxc5 13. c4 Bb7 14. O-O Nbd7 15.
Ne5 Rfd8 16. Rbc1 Rab8 17. Ndf3 Nxe5 18. Nxe5 d4 19. h4 Ba8 20. h5 h6 21. Rc2
Nd7 22. Rd2 Nxe5 23. fxe5 Qc6 24. f3 Rb3 25. Kh2 Rdb8 26. Rf2 Qc7 1/2-1/2